DC Hot Women - Statistics

General Stats
  • This quiz has been taken 30 times
  • The average score is 15 of 25
Answer Stats
Hint Answer % Correct
Diana Prince Wonder Woman
100%
Joker's girlfriend Harley Quinn
97%
Jewel Thief dressed like a feline Catwoman
90%
Superman's Cousin Supergirl
90%
Daughter of Commissioner Gordon Batgirl
86%
Best friends with the above Poison Ivy
86%
Alien Princess member of the Teen Titans Starfire
83%
Azarath Metrion Zinthos Raven
76%
Ra's Al Ghül's daughter and Damian Wayne's mother Talia Al Ghül
76%
Magician Zatanna
72%
Wife of Hawkman Hawkgirl
69%
Green Arrow's significant other Black Canary
62%
Wears purple and has a crossbow Huntress
59%
The above's evil older sister Blackfire
55%
#1's archenemy Cheetah
52%
Kara Zor-L Power Girl
52%
Icy supervillainess Killer Frost
41%
Wife of Aquaman Mera
38%
Pink enemy/love interest of Green Lantern (Hal Jordan) Star Sapphire
34%
Evil Wonder Woman from parallel universe SuperWoman
34%
Female Green Lantern Jessica Cruz
31%
Queen of Bad Luck and Kid Flash's girlfriend Jinx
28%
Can mimic the powers of animals Vixen
24%
Similar name as an Autobot Bumblebee
21%
Electricity Powers Livewire
17%
No matching quizzes found
Score Distribution
Percent of People with Each Score
Percentile by Number Answered
Your Score History
You have not taken this quiz